00388nam a2200157Ia 45000010006000000050017000060080041000230410008000640820016000721000040000882450049001282600009001773000028001866500008002146540008002222085220260306172836.0260306t2019||||xx |||||||||||||| ||spa|| aESP a343.83bH83 aHuamán Sialer, Marco AntonioeAUT 0aDerecho aduanero y de comercio internacional c2019 a750 páginas :c25 cm. aGEN aCCO